00495nam a2200193 a 4500001001300000003000900013005001700022008004100039020001000080082002000090100002400110245003900134260003200173300000900205500003500214505001000249650002300259650001900282nice12345678IN_TiNIC20260116013419.0050524s1999 kara grp 000 0 eng  ac20000a305.480297bJUM aJuma, Ahmad Khaleel aDar-E-Taabaeen Ki Namwar Khawateen aKarachibDarul Ishaatc1999 a383p aincludes index and biblioraphy2 aNotes aPhilosophy-Islamic aWomen in Islam